000
00319nam a22001457a 4500
008
181031b xxu||||| |||| 00| 0 eng d
020
_a
0691097437
041
_a
eng
080
_a
101
082
_a
101
100
_a
24
101
_a
FIL
245
_a
The Hero with a thousand faces
_c
Campbell.J
942
_2
udc
_c
BK
999
_c
51237
_d
51237